Farthing on International Shipping (Record no. 3221)

000 -LEADER
fixed length control field 03381nam a22004935i 4500
007 - PHYSICAL DESCRIPTION FIXED FIELD--GENERAL INFORMATION
fixed length control field cr nn 008mamaa
008 - FIXED-LENGTH DATA ELEMENTS--GENERAL INFORMATION
fixed length control field 130612s2013 gw | s |||| 0|eng d
020 ## - INTERNATIONAL STANDARD BOOK NUMBER
International Standard Book Number 9783642345982
-- 978-3-642-34598-2
040 ## - CATALOGING SOURCE
Original cataloging agency IMU Kochi Library
Language of cataloging eng
041 0# - LANGUAGE CODE
Language code of text/sound track or separate title eng
082 04 - DEWEY DECIMAL CLASSIFICATION NUMBER
Classification number 341.4
Edition number 23
100 1# - MAIN ENTRY--PERSONAL NAME
Personal name Mukherjee, Proshanto K.
245 10 - TITLE STATEMENT
Title Farthing on International Shipping
Medium [electronic resource] /
250 ## - EDITION STATEMENT
Edition statement 4th ed. 2013.
300 ## - PHYSICAL DESCRIPTION
Extent XXIX, 411 p. 6 illus., 2 illus. in color.
Other physical details online resource.
490 1# - SERIES STATEMENT
Series statement WMU Studies in Maritime Affairs,
Volume number/sequential designation 1
505 0# - FORMATTED CONTENTS NOTE
Formatted contents note Freedom in International Shipping.- Shipping as a Vital Service to World Trade -- The Sectors of Shipping -- Private Shipping Organisations -- The Interface with Governments: National and International -- Shipping Nationalism and Government Involvement -- Demise of Protectionism and Rise of Liberalisation -- Co-operation in Liner Shipping -- Development of Competition Policy and its Historical Evolution -- Maritime Governance -- Nationality and Registration of Ships: Concept and Practice -- Maritime Safety Standards: Compliance and Enforcement -- Maritime Security: Legal Framework in International Law -- Protection of the Marine Environment -- The Private Law of Marine Pollution -- Liability and Limitation of Liability.- Conclusion: The Current Milieu and Beyond.
520 ## - SUMMARY, ETC.
Summary, etc The book provides an introduction to shipping in all its aspects. It is a valuable source of information for students of traditional maritime law as well as for those who seek to understand maritime and shipping services on a global scale. The text includes information and analytical content on national and international practices in shipping, including the age-old dichotomy between freedom in international shipping and the persistent demands of states to control specific maritime areas, as well as the tension between, on the one hand, the desire on the part of sovereign states to regulate and protect their shipping interests and, on the other, the abiding concern and unquestioned right of the international community to regulate the global shipping industry effectively, in order to ensure maritime safety, protection of the environment and fair competition.
650 #0 - SUBJECT ADDED ENTRY--TOPICAL TERM
Topical term or geographic name as entry element Law of the sea.
650 #0 - SUBJECT ADDED ENTRY--TOPICAL TERM
Topical term or geographic name as entry element International law.
650 #0 - SUBJECT ADDED ENTRY--TOPICAL TERM
Topical term or geographic name as entry element Aeronautics
General subdivision Law and legislation.
650 #0 - SUBJECT ADDED ENTRY--TOPICAL TERM
Topical term or geographic name as entry element Trade regulation.
650 #0 - SUBJECT ADDED ENTRY--TOPICAL TERM
Topical term or geographic name as entry element Environmental Law.
650 #0 - SUBJECT ADDED ENTRY--TOPICAL TERM
Topical term or geographic name as entry element Production management.
650 #0 - SUBJECT ADDED ENTRY--TOPICAL TERM
Topical term or geographic name as entry element Environmental law, International.
650 14 - SUBJECT ADDED ENTRY--TOPICAL TERM
Topical term or geographic name as entry element Law of the Sea, Air and Outer Space.
650 24 - SUBJECT ADDED ENTRY--TOPICAL TERM
Topical term or geographic name as entry element International Economic Law, Trade Law.
650 24 - SUBJECT ADDED ENTRY--TOPICAL TERM
Topical term or geographic name as entry element Environmental Law.
650 24 - SUBJECT ADDED ENTRY--TOPICAL TERM
Topical term or geographic name as entry element Operations Management.
650 24 - SUBJECT ADDED ENTRY--TOPICAL TERM
Topical term or geographic name as entry element International Environmental Law.
700 1# - ADDED ENTRY--PERSONAL NAME
Personal name Brownrigg, Mark.
Relator term
Relator code aut
-- http://id.loc.gov/vocabulary/relators/aut
830 #0 - SERIES ADDED ENTRY--UNIFORM TITLE
Uniform title WMU Studies in Maritime Affairs,
Volume number/sequential designation 1
852 ## - LOCATION/CALL NUMBER
Location IMU Kochi Library
856 40 - ELECTRONIC LOCATION AND ACCESS
Uniform Resource Identifier <a href="https://doi.org/10.1007/978-3-642-34598-2">https://doi.org/10.1007/978-3-642-34598-2</a>
904 ## - LOCAL DATA ELEMENT D, LDD (RLIN)
CATALOGER Rudra Ranjan
905 ## - LOCAL DATA ELEMENT E, LDE (RLIN)
VERIFIER Rudra Ranjan
942 ## - ADDED ENTRY ELEMENTS (KOHA)
Item type E-Book
264 #1 -
-- Berlin, Heidelberg :
-- Springer Berlin Heidelberg :
-- Imprint: Springer,
-- 2013.
338 ## -
-- online resource
830 #0 - SERIES ADDED ENTRY--UNIFORM TITLE
-- 2196-8780 ;

No items available.



Copyright © All Rights Reserved by Indian Maritime University, Kochi Campus.
For any Suggestions/Query Contact to library or Email: library.kochi@imu.ac.in Ph:(0484)-2989402
(Web OPAC Designed by Rudra Ranjan. Maintained by IMU Kochi Library)

Powered by Koha